| 000 | 01148pam a2200325 a 4500 | ||
|---|---|---|---|
| 999 |
_c57506 _d57506 |
||
| 001 | 1843243 | ||
| 005 | 20200630124432.0 | ||
| 008 | 811002s1982 ne a b 001 0 eng | ||
| 010 | _a 81016809 | ||
| 020 | _a0444862862 | ||
| 020 | _a9781493307098 | ||
| 040 |
_aDLC _cDLC _dDLC |
||
| 041 | _aeng | ||
| 050 | 0 | 0 |
_aQA612.7 _b.M35 1982 |
| 080 | _a515+514 M-29 | ||
| 082 | 0 | 0 |
_a514/.24 _219 |
| 100 | 1 |
_aMardešić, S. _q(Sibe), _d1927- _98901 |
|
| 245 | 1 | 0 |
_aShape theory : _bthe inverse system approach / _cS. Mardešić, J. Segal. |
| 260 |
_aAmsterdam ; _aNew York : _bNorth-Holland Pub. Co. ; _aNew York, N.Y. : _bSole distributors for the U.S.A. and Canada, Elsevier Science Pub. Co., _c1982. |
||
| 300 |
_axv, 378 p. : _bill. ; _c23 cm. |
||
| 440 | 0 |
_aNorth-Holland mathematical library ; _vv. 26 _98902 |
|
| 500 | _aIncludes index. | ||
| 504 | _aBibliography: p. 341-371. | ||
| 650 | 0 |
_aShape theory (Topology) _98903 |
|
| 653 | _aმათემატიკა | ||
| 653 | _aტოპოლოგია | ||
| 700 | 1 |
_aSegal, Jack. _eავტორი _98904 |
|
| 906 |
_a7 _bcbc _corignew _d1 _eocip _f19 _gy-gencatlg |
||
| 942 |
_2udc _cBK |
||